00301nam a2200121Ia 45000030006000000080041000060400015000471000032000622450047000942600009001415460012001500050017001620STCL150530s9999 xx 000 0 und d aSTCLcSTCL aShakespeare; Norman; Editor aShakespeare: King Henry the fourth Part II c1924 aEnglish20220125170951.0